000 00973nam a22002897a 4500
001 5377
003 FISKH
005 20241129114612.0
008 241129b cb ||||| |||| 00| 0 eng d
020 _a9780531266281
040 _aFISKH
_beng
_cFISKH
_dFISKH
050 _aRA653.C86
082 _a614.4
100 _aCunningham, Kevin
245 _aPandemics /
_cby Kevin Cunningham
260 _aNew York :
_bChildren's Press ;
_c2012.
300 _a48 pages :
_bcolor illustrations ;
_c22 cm .
490 _aA True Book
505 _aZ
520 _aDescribes pandemics, including flu, polio, and AIDS, that have occurred in the past, explains how infectious diseases spread, and explores the ways these diseases can be prevented or controlled.
521 8 _a910
_bLexile
521 8 _aZ
_bRaz-Plus
650 _aEpidemics
_vJuvenile literature
650 _aCommunicable diseases
_vJuvenile literature
942 _2ddc
_cBK
_n0
999 _c5377
_d5377